XML : step by step (Record no. 171479)

MARC details
000 -LEADER
fixed length control field 00457nam a2200169Ia 4500
008 - FIXED-LENGTH DATA ELEMENTS--GENERAL INFORMATION
fixed length control field 231217s9999 xx 000 0 und d
041 ## - LANGUAGE CODE
Language code of text/sound track or separate title English
082 ## - DEWEY DECIMAL CLASSIFICATION NUMBER
Classification number 001.6424XML YOU
100 ## - MAIN ENTRY--PERSONAL NAME
Personal name Young, Michael J
245 #0 - TITLE STATEMENT
Title XML : step by step
250 ## - EDITION STATEMENT
Edition statement 2nd ed
260 ## - PUBLICATION, DISTRIBUTION, ETC.
Date of publication, distribution, etc. 2002
Name of publisher, distributor, etc. Microsoft Press
Place of publication, distribution, etc. Washington
300 ## - PHYSICAL DESCRIPTION
Extent xix+488
300 ## - PHYSICAL DESCRIPTION
Dimensions CD1285
650 ## - SUBJECT ADDED ENTRY--TOPICAL TERM
Topical term or geographic name entry element Computer,organisation,:,fourth,semester-EC/TC/EE/IT/ME/BME/CSE,ISE
942 ## - ADDED ENTRY ELEMENTS (KOHA)
Koha item type Books
Holdings
Date last seen Total checkouts Full call number Accession number Price effective from Category Lost status Damaged status Department Withdrawn status Home library Current library Shelving location Entry date Grants Billdate Currency symbol Conversion rate Discount Old discount
26/01/2024   001.6424XML YOU 26861 26/01/2024 Books     CS   Central Library Central Library CS 19/03/2004 CS 10/12/2005 AUS DOLLAR 1    
26/01/2024   001.6424XML YOU 26862 26/01/2024 Books     Central Library   Central Library Central Library Central Library 19/03/2004 CS 10/12/2005 AUS DOLLAR 1    
26/01/2024   001.6424XML YOU 26863 26/01/2024 Books     CS   Central Library Central Library CS 19/03/2004 CS 10/12/2005 AUS DOLLAR 1    
26/01/2024   001.6424XML YOU 26864 26/01/2024 Books     Central Library   Central Library Central Library Central Library 19/03/2004 CS 10/12/2005 AUS DOLLAR 1    

© For any Suggestions or Query, please contact the library staff @ librarian@pes.edu or Phone: +9180 2672 1983/ 2108.